EX situ storage of seeds, pollen and in vitro cultures of perennial woody plant species

Bibliographic Details
Corporate Author: Food and Agriculture Organization of the United Nations (FAO)
Other Authors: Charest 1958-, Downie, Wang
Format: Book
Published: Rome : Food and Agriculture Organization of the United Nations , 1993
Series:FAO forestry paper ; 113
Subjects:

MARC

LEADER 00000cam a2200000 7i4500
001 0000000944
005 20140323.0
020 0 0 |a 9251033854 
090 0 0 |a FAO333.72   |b EX 1993 
245 0 0 |a EX situ storage of seeds, pollen and in vitro cultures of perennial woody plant species   |c based on the work of Ben S.P. Wang, Pierre J. Charest, Bruce Downie 
260 0 0 |a Rome :   |b Food and Agriculture Organization of the United Nations ,   |c 1993 
300 |a xiv, 83 p. :   |b ill. ;   |c 21 cm. 
440 0 0 |a FAO forestry paper ; 113 
500 0 0 |a Bibliography: (p. 64-83) 
650 0 0 |a Forest genetic resources conservation 
650 0 0 |a Woody plants   |x Pollen   |x Storage 
650 0 0 |a Woody plants   |x Seeds   |x Storage 
700 0 1 |a Charest   |h Pierre J. ,   |c 1958- 
700 0 1 |a Downie   |h Bruce 
700 0 1 |a Wang   |h Ben S. P. 
710 1 1 |a Food and Agriculture Organization of the United Nations (FAO) 
999 |a 0000001996   |b Monograph   |c Reference   |e Default branch